| 000 | 00815nas a2200253 4500 | ||
|---|---|---|---|
| 001 | BR0904624 | ||
| 003 | BR-BrBNA | ||
| 005 | 20231205113334.0 | ||
| 007 | ta | ||
| 008 | 230509b bl.|||p| |||| 00| 00por d | ||
| 040 |
_aBR-BrBNA _bpor _cBiblioteca Nacional de Agricultura |
||
| 041 | _a(Pt) | ||
| 072 | _aE16 | ||
| 100 | 1 | _aLazzarotto, J.J. | |
| 100 | 1 | _aLima, J.B. de | |
| 100 | 1 | _aCarvalho, F.A. de P. | |
| 245 | 1 | _aA dinâmica das mudanças em unidades de produção rural: estudo comparativo no município de Pato Branco (PR). | |
| 650 | _aPRODUÇÃO RURAL | ||
| 650 | _aPATO BRANCO | ||
| 650 | _aPARANÁ | ||
| 773 | 0 |
_tOrganização Rurais e Agroindustriais (Brazil) _xISSN 1517-3879 _g(Jan-Jun 2001), v. 3(1) p. 3-16 _wBR0904624 |
|
| 909 |
_a202311 _bLúcia _c55 _dLúcia Elande |
||
| 942 |
_2AGRIS _n0 _cANA |
||
| 999 |
_c203233 _d203233 |
||